000 00336nam a22001337a 4500
008 210716b ||||| |||| 00| 0 eng d
020 _a9781782116820
082 _aFIC 823.92 HAI
100 _aHaig, Matt
245 _aReasons to stay alive
260 _aNew York:
_bCanongate Books,
_c2015.
300 _a279 p.
_c18 cm.
942 _2ddc
999 _c8794
_d8795